Η συντήρηση στην Ελλάδα : ιστορία και εξέλιξη
Saved in:
| Format: | Book |
|---|---|
| Language: | Greek |
| Published: |
Αθήνα :
Βυζαντινό & Χριστιανικό Μουσείο,
2008
|
| Series: | Μικρά μουσειολογικά ;
; 3 |
| Subjects: | |
| Tags: |
Add Tag
No Tags, Be the first to tag this record!
|
MARC
| LEADER | 00000cam a2200000 i 4500 | ||
|---|---|---|---|
| 001 | 1/9151 | ||
| 008 | 100709s2008 gr | ||| |||| ||gre|| | ||
| 020 | |a 9789602148112 | ||
| 035 | |l 10108524 | ||
| 040 | |a GR-MY-UA |b gre |e aacr | ||
| 041 | 0 | |a gre | |
| 082 | 0 | |a 720.9495 |2 (22) | |
| 245 | 1 | 2 | |a Η συντήρηση στην Ελλάδα : |b ιστορία και εξέλιξη / |c Υπουργείο Πολιτισμού & Τουρισμού - Βυζαντινό & Χριστιανικό Μουσείο |
| 260 | |a Αθήνα : |b Βυζαντινό & Χριστιανικό Μουσείο, |c 2008 | ||
| 300 | |a 207 σ.; |b έγχρ. εικ.; |c 30 εκ. | ||
| 490 | 1 | |a Μικρά μουσειολογικά |v ; 3 | |
| 650 | 0 | 0 | |a Art, Byzantine |z Greece |z Exhibitions. |
| 650 | 0 | 0 | |a Art, Byzantine |z Greece |z Athens |x Collections. |
| 651 | 0 | |a Greece |x Antiquities, Byzantine |x Catalogs. | |
| 830 | 0 | |a Μικρά μουσειολογικά ; |v ; 3 | |
| 852 | |a INST |b RHODES |e 20100709 |h 720.9495 ΣΥΝ |p 005400032930 |q 005400032930 |t BK |y 0 | ||
| 901 | |a BIBL4-2010-2 | ||
| 909 | |a Ρ |b 163356 | ||
| 970 | |a ΚΟΖΑ |b ΜΑΡΙΑ |z 2010/07/09 | ||